000 00501nam a2200181Ia 4500
001 8701
003 GE_BSU
008 181216s||||||||xx |||||||||||||| ||und||
040 _cGE_BSU
245 _aВрач. №12. 2013.Декабрь
245 _bЕжемесячн.научно-практич.ипублицистич. журнал
245 _cГл.ред. И.Н. Денисов
260 _aМосква
260 _c2013
300 _a88стр.29см.
653 _aВрач
942 _cCR
999 _c42015
_d42015